000 00228nam a22000857a 4500
008 161206b xxu||||| |||| 00| 0 eng d
100 _91828
_aTheotia. N. P. S
245 _aScience for You
260 _aNew delhi
_bAsian publication
_c2007
999 _c4569
_d4569